banner koha

Influencia da administracao prolongada do triclorfon na evolucao da tuberculose em hamster (Registro n. 48584)

MARC details
000 -LÍDER
campo de controle de tamanho fixo 00962nam a22003017a 4500
001 - NÚMERO DE CONTROLE
campo de controle BR9402945
003 - IDENTIFICADOR DO NÚMERO DE CONTROLE
campo de controle BR-BrBNA
005 - DATA E HORÁRIO DA ÚLTIMA TRANSAÇÃO
campo de controle 20230928094039.0
007 - CAMPO FIXO DE DESCRIÇÃO FÍSICA--INFORMAÇÃO GERAL
campo de controle de tamanho fixo ta
008 - CAMPO DE DADOS FIXOS--INFORMAÇÃO GERAL
campo de controle de tamanho fixo 230509b bl.||||| |||| 00| 0 por d
040 ## - FONTE DA CATALOGAÇÃO
Instituição da catalogação original BR-BrBNA
Idioma da catalogação por
Instituição que transcreveu o registro Biblioteca Nacional de Agricultura
041 ## - CÓDIGO DE IDIOMA
Código do idioma do texto/trilha sonora ou título diferente (Por)
072 ## - CÓDIGO DE CATEGORIA DE ASSUNTO
Código de Categoria de Assunto L73
Código do objeto 8830
-- 4110
090 ## - NÚMERO DE CHAMADA LOCAL
-- 8830 BR9402945
100 1# - ENTRADA PRINCIPAL--NOME PESSOAL
Nome pessoal Ferreira Neto, J.S.
110 1# - ENTRADA PRINCIPAL--NOME CORPORATIVO
Nome corporativo ou nome da jurisdição Universidade de Sao Paulo, SP (Brasil). Faculdade de Medicina Veterinaria e Zootecnia
Grau Universitário Tese (Doutor em Patologia Experimental)
9 (RLIN) 10560
245 1# - TÍTULO
Título Influencia da administracao prolongada do triclorfon na evolucao da tuberculose em hamster
260 3# - PUBLICAÇÃO, DISTRIBUIÇÃO, ETC.
Local de publicação, distribuição, etc. Sao Paulo, SP (Brasil):
Data da publicação, distribuição, etc. 1992.
300 ## - DESCRIÇÃO FÍSICA
Extensão 80 p.
500 ## - NOTA GERAL
Nota geral 28 tables; Summaries (Eng, Por); 46 ref.
650 ## - ASSUNTO--TERMO TÓPICO
Cabeçalho tópico ou nome geográfico Hamster
650 ## - ASSUNTO--TERMO TÓPICO
Cabeçalho tópico ou nome geográfico Tuberculose
650 ## - ASSUNTO--TERMO TÓPICO
Cabeçalho tópico ou nome geográfico Micobacteria
650 ## - ASSUNTO--TERMO TÓPICO
Cabeçalho tópico ou nome geográfico Pesticida
650 ## - ASSUNTO--TERMO TÓPICO
Cabeçalho tópico ou nome geográfico Intoxicacao
909 ## -
-- 202309
-- Lucia
-- 55
-- Lucia Elande
942 ## - ELEMENTOS DE ENTRADA ADICIONADOS (KOHA)
Tipo de material Koha Livros
Exemplares
Situação do descarte Fonte da classificação ou esquema de arquivamento na estante Situação física Não pode ser emprestado Coleção Biblioteca de origem Biblioteca atual Total de empréstimos Número de telefone completo Código de barras Data de último acesso Número do exemplar Tipo de material Koha Situação das perdas Data de aquisição Fonte de aquisição
  Classificação AGRIS       Biblioteca Nacional de Agricultura - Binagri Biblioteca Nacional de Agricultura - Binagri   8830 BR9402945 8830 BR9402945 25/09/2023 01 Livros   2023-09-25 Portaria Interministerial nº 164/94

BINAGRI

Telefone: (61)3218-2567/2388/3357/2097 - binagri@agro.gov.br

Ministério da Agricultura e Pecuária , Esplanada dos Ministérios, Bloco D, Anexo B, Brasília/DF, CEP: 70.043-900